| 000 | 00963cam a2200325 i 4500 | ||
|---|---|---|---|
| 001 | 200158672 | ||
| 003 | TR-AnTOB | ||
| 005 | 20241106135009.0 | ||
| 007 | ta | ||
| 008 | 140122s2018 tu a gtur d | ||
| 020 | _a9786051376646 | ||
| 040 |
_aTR-AnTOB _beng _erda _cTR-AnTOB _dTR-AnTOB |
||
| 041 | 0 | _atur | |
| 050 | 0 | 0 | _aDS51.M4 |
| 090 |
_aDS51.M4 _bD48 2018 |
||
| 100 | 1 |
_aDeveli, H. Şinasi _4author _995626 |
|
| 245 | 1 | 0 |
_aAnılardan seçmelerle Mersin 2 / _cH. Şinasi Develi. |
| 246 | 3 | 0 | _aMersin 2 |
| 250 |
_a1. Baskı _bOcak - 2018 |
||
| 264 | 1 |
_aMersin : _bMersin Deniz Ticaret Odası Yayınları, _c2018. |
|
| 300 |
_a92 pages ; _c20 cm. |
||
| 336 |
_atext _2rdacontent |
||
| 337 |
_aunmediated _2rdamedia |
||
| 338 |
_avolume _2rdacarrier |
||
| 651 | 0 |
_aMersin İli (Türkiye) _xTarih _9116081 |
|
| 651 | 0 |
_aMersin İli (Türkiye) _xGezi ve tanıtım _9120297 |
|
| 942 |
_2lcc _cBK |
||
| 990 | _at.o 20.12.2013 | ||
| 999 |
_c200429781 _d47707 |
||